Central Library OPAC University of Rajshahi

Physics and chemistry of porous media II : (Record no. 8431)

MARC details
000 -LEADER
fixed length control field 01480nam a2200361 a 4500
001 - CONTROL NUMBER
control field 8431
003 - CONTROL NUMBER IDENTIFIER
rucl marc code BD-RjUL
005 - DATE AND TIME OF LATEST TRANSACTION
control field 20211208234604.0
008 - FIXED-LENGTH DATA ELEMENTS--GENERAL INFORMATION
fixed length control field 180114s1987 nyua b 100 0 eng
020 ## - INTERNATIONAL STANDARD BOOK NUMBER
International Standard Book Number 0883183544
035 ## - SYSTEM CONTROL NUMBER
System control number (BD-RjUL)8476
040 ## - CATALOGING SOURCE
Original cataloging agency DLC
Transcribing agency DLC
Modifying agency DLC
-- BD-RjUL
Language of cataloging eng
041 ## - LANGUAGE CODE
Language code of text/sound track or separate title eng
082 00 - DEWEY DECIMAL CLASSIFICATION NUMBER
Classification number 530.41
Edition number 19
Author mark and year AIP 1987
245 00 - TITLE STATEMENT
Title Physics and chemistry of porous media II :
Remainder of title Ridgefield, CT, 1986 /
Statement of responsibility, etc. editors, Jayanth R. Banavar, Joel Koplik & Kenneth W. Winkler.
260 ## - PUBLICATION, DISTRIBUTION, ETC. (IMPRINT)
Place of publication, distribution, etc. New York :
Name of publisher, distributor, etc. American Institute of Physics,
Date of publication, distribution, etc. 1987.
300 ## - PHYSICAL DESCRIPTION
Pagination 318 p. :
Illustrations ill. ;
Size 24 cm.
490 1# - SERIES STATEMENT
Series statement AIP conference proceedings ;
Volume/sequential designation 154
500 ## - GENERAL NOTE
General note "Proceedings of the Second International Symposium on the Physics and Chemistry of Porous Media held at Schlumberger-Doll Research in Ridgefield, Connecticut on October 15-17, 1986"--Foreword.
General note "DOE CONF-8610148"--T.p. verso.
504 ## - BIBLIOGRAPHY, ETC. NOTE
Bibliography, etc Includes bibliographies.
650 #0 - SUBJECT ADDED ENTRY--TOPICAL TERM
Topical term or geographic name as entry element Porous materials
General subdivision Congresses.
9 (RLIN) 26246
Topical term or geographic name as entry element Chemistry, Physical and theoretical
General subdivision Congresses.
9 (RLIN) 26044
700 1# - ADDED ENTRY--PERSONAL NAME
Personal name Banavar, Jayanth R.
Personal name Koplik, Joel.
Personal name Winkler, Kenneth W.
711 2# - ADDED ENTRY--MEETING NAME
Meeting name or jurisdiction name as entry element International Symposium on the Physics and Chemistry of Porous Media
Number of part/section/meeting (2nd :
Date of meeting 1986 :
Location of meeting Ridgefield, Conn.)
9 (RLIN) 26251
830 #0 - SERIES ADDED ENTRY--UNIFORM TITLE
Volume number/sequential designation no. 154.
830 #0 - SERIES ADDED ENTRY--UNIFORM TITLE
Uniform title AIP conference proceedings ;
942 ## - ADDED ENTRY ELEMENTS (KOHA)
Source of classification or shelving scheme Dewey Decimal Classification
Koha item type Books
Holdings
Lost status Source of classification or shelving scheme Damaged status Not for loan Permanent Location Current Location Shelving location Date acquired Source of acquisition Cost, normal purchase price Total Checkouts Full call number Date last seen Copy number Koha item type Collection code
  Dewey Decimal Classification     Central Library, University of Rajshahi Central Library, University of Rajshahi   09/07/1995 Asia Foundation. 0.00   530.41 AIP 1987 18/01/2014 C-2 Books  
  Dewey Decimal Classification     Central Library, University of Rajshahi Central Library, University of Rajshahi   09/07/1995 Asia foundation     530.41 AIP 1987 05/09/2016 C-3 Books Non-fiction